[Event "Arab Clubs-chT"]
[Site "Agadir"]
[Date "2015.10.17"]
[Round "5.4"]
[White "Achraf Hadj, Khoulti"]
[Black "Mansour, Sameer"]
[Result "1/2-1/2"]
[WhiteElo "2104"]
[BlackElo "2272"]
[PlyCount "67"]
[EventDate "2015.10.13"]
[EventType "team-swiss"]
[EventRounds "9"]
[EventCountry "MAR"]
[SourceTitle "CBM 170 Extra"]
[Source "ChessBase"]
[SourceDate "2016.02.25"]
[SourceVersion "1"]
[SourceVersionDate "2016.02.25"]
[SourceQuality "1"]
[WhiteTeam "Raja Casa"]
[BlackTeam "Amanat Amman"]
[WhiteTeamCountry "MAR"]
[BlackTeamCountry "JOR"]

1. e4 d6 2. d4 g6 3. Nf3 Bg7 4. Be2 Nf6 5. Nc3 c6 6. Bf4 Qa5 7. 0-0 Bg4 8. h3 Bxf3 9. Bxf3 0-0 10. Re1 e5 11. dxe5 dxe5 12. Be3 Na6 13. a3 Qc7 14. Qe2 Qe7 15. Rad1 Nc5 16. Bxc5 Qxc5 17. Rd3 Rfd8 18. Red1 Rxd3 19. Qxd3 Bf8 20. b4 Qe7 21. Ne2 a5 22. c3 axb4 23. axb4 Qe6 24. Rb1 Qd7 25. Qc2 c5 26. bxc5 Bxc5 27. c4 Rd8 28. Nc3 Qd2 29. Qxd2 Rxd2 30. Rxb7 Bxf2+ 31. Kh2 Rc2 32. Nd5 Nxd5 33. cxd5 h5 34. Rb1 1/2-1/2

[Event "Rabat Blitz Marathon 6th"]
[Site "Rabat"]
[Date "2015.05.16"]
[Round "19"]
[White "Achraf Hadj, Khoulti"]
[Black "L'Ami, Erwin"]
[Result "0-1"]
[WhiteElo "2268"]
[BlackElo "2635"]
[PlyCount "94"]
[EventDate "2015.05.16"]
[EventType "swiss (blitz)"]
[EventRounds "21"]
[EventCountry "MAR"]
[SourceTitle "CBM 166 Extra"]
[Source "ChessBase"]
[SourceDate "2015.06.18"]
[SourceVersion "1"]
[SourceVersionDate "2015.06.18"]
[SourceQuality "1"]

1. e4 e5 2. Nf3 Nc6 3. d4 exd4 4. Nxd4 Bc5 5. Be3 Bxd4 6. Bxd4 Nxd4 7. Qxd4 Qf6 8. Qxf6 Nxf6 9. Nc3 d6 10. Bd3 c6 11. 0-0 g5 12. Rfe1 Nd7 13. Rad1 Ne5 14. Ne2 Be6 15. Ng3 Ke7 16. b3 Rad8 17. c4 h5 18. Ne2 h4 19. f4 gxf4 20. Nxf4 h3 21. Nxe6 fxe6 22. Re3 hxg2 23. Rg3 Rh4 24. Rd2 Rdh8 25. Rdxg2 R8h7 26. Bc2 c5 27. Rg7+ Kf6 28. Rxh7 Rxh7 29. Kf2 Rh8 30. Bb1 a6 31. Bc2 b5 32. cxb5 axb5 33. Ke3 b4 34. Rf2+ Ke7 35. Rg2 Rh3+ 36. Ke2 Kf6 37. Rf2+ Ke7 38. Rg2 Nc6 39. Bd3 Nd4+ 40. Kd2 Nf3+ 41. Ke3 Ne5+ 42. Rg3 Rxh2 43. Bb5 Rxa2 44. Rg8 Ra3 45. Kf4 Rxb3 46. Rg2 Rf3+ 47. Kg5 b3 0-1

[Event "Rabat Blitz Marathon 6th"]
[Site "Rabat"]
[Date "2015.05.16"]
[Round "18"]
[White "Mamedyarov, Shakhriyar"]
[Black "Achraf Hadj, Khoulti"]
[Result "1-0"]
[WhiteElo "2735"]
[BlackElo "2268"]
[PlyCount "33"]
[EventDate "2015.05.16"]
[EventType "swiss (blitz)"]
[EventRounds "21"]
[EventCountry "MAR"]
[SourceTitle "CBM 166 Extra"]
[Source "ChessBase"]
[SourceDate "2015.06.18"]
[SourceVersion "1"]
[SourceVersionDate "2015.06.18"]
[SourceQuality "1"]

1. d4 d5 2. c4 c6 3. Nf3 Nf6 4. Qc2 g6 5. Bf4 Bg7 6. e3 0-0 7. Nc3 a6 8. Rc1 b6 9. Bd3 Nh5 10. Be5 f6 11. Bxb8 Rxb8 12. cxd5 cxd5 13. Nxd5 Be6 14. Nc7 Bf7 15. g4 Kh8 16. gxh5 gxh5 17. Nxa6 1-0

[Event "Africa-ch"]
[Site "Cairo"]
[Date "2015.05.07"]
[Round "6"]
[White "Almahjoub, Mokhtar"]
[Black "Achraf Hadj, Khoulti"]
[Result "1-0"]
[WhiteElo "2110"]
[BlackElo "2268"]
[PlyCount "55"]
[EventDate "2015.05.02"]
[EventType "swiss"]
[EventRounds "9"]
[EventCountry "EGY"]
[SourceTitle "CBM 166 Extra"]
[Source "ChessBase"]
[SourceDate "2015.06.18"]
[SourceVersion "1"]
[SourceVersionDate "2015.06.18"]
[SourceQuality "1"]

1. d4 d5 2. Nf3 Nf6 3. g3 c6 4. Bg2 Bf5 5. 0-0 e6 6. Nh4 Bg6 7. Nxg6 hxg6 8. Bg5 Be7 9. c3 Nh5 10. Bxe7 Qxe7 11. e4 Nd7 12. exd5 cxd5 13. Bxd5 Nf4 14. Bg2 Nxg2 15. Kxg2 Qg5 16. f4 Qf5 17. g4 Qe4+ 18. Qf3 Qc2+ 19. Rf2 Qc1 20. Qe2 Nf6 21. Rf1 Rxh2+ 22. Kxh2 Nxg4+ 23. Kg3 Qe3+ 24. Qxe3 Nxe3 25. Rf2 Ke7 26. Kf3 Nf5 27. Rh2 Kf6 28. Nd2 1-0